|
003 -Nazwa inst., której nr kontr. jest w polu 001 [,]
|
-
- @
- Nazwa instytucji, której n kontrolny jest w polu 001
- NUKAT
|
|
005 -DATA I CZAS OSTATNIEJ MODYFIKACJI [,]
|
-
- @
- pole kontrolne
- 20250714164747.0
|
|
020 -Międzynarod. znormalizowany nr książki - ISBN [ , ]
|
-
- a
- Numer ISBN
- 9780323760577
|
|
020 -Międzynarod. znormalizowany nr książki - ISBN [ , ]
|
-
- a
- Numer ISBN
- 9788368090123
-
- q
- Dopowiedzenie
- oprawa miękka
|
|
040 -Instytucja sporządzająca opis [ , ]
|
-
- a
- Instytucja, która sporządziła opis (NP)
- WR 99/AS
-
- b
- Język katalogowania
- pol
-
- e
- Zasady katalogowania
- rda
-
- c
- Instytucja, która sporządziła rekord (NP)
- WR 99/AS
-
- d
- Instytucja, która zmodyfikowała rekord (P)
- OLSZT 003/BKs
-
- d
- Instytucja, która zmodyfikowała rekord (P)
- WR 037/MJ
-
- d
- Instytucja, która zmodyfikowała rekord (P)
- KAT 046/DKA
-
- d
- Instytucja, która zmodyfikowała rekord (P)
- Ł 68/BW
|
|
041 -Język dokumentu [1, ]
|
-
- a
- Język tekstu (P)
- polski
-
- h
- Język tekstu oryginalnego i/lub pośredniego (P)
- angielski
|
|
942 -Rodzaj dokumentu [ , ]
|
-
- c
- Rodzaj dokumentu
- Książka
|
|
245 -Strefa tytułu i oznaczenia odpowiedzialności [1,0]
|
-
- a
- Tytuł
- Ocena rozwoju motorycznego niemowląt :
-
- b
- Ciąg dalszy tytułu (NP)
- skala Alberta /
-
- c
- Pozostałe elementy strefy tytułu i oznaczenia odpowiedzialności (NP)
- Martha C. Pipper, Johanna Darrah ; współredaktor Alicia Spittle ; tłumaczenie z języka angielskiego Błażej Gadziński.
|
|
246 -Wariant tytułu [1, ]
|
-
- i
- Tekst wyświetlany na ekranie monitora (NP)
- Tytuł oryginału:
-
- a
- Tytuł (NP)
- Motor assessment of the developing infant :
-
- b
- Ciąg dalszy tytułu (NP)
- Alberta Infant motor scale (AIMS)
|
|
246 -Wariant tytułu [3,0]
|
-
- a
- Tytuł (NP)
- Skala Alberta
|
|
250 -Strefa wydania [ , ]
|
-
- a
- Oznaczenie wydania (NP)
- Wydanie polskie /
-
- b
- Ciąg dalszy strefy wydania (NP)
- redakcja wydania polskiego Małgorzata Domagalska-Szopa, Andrzej Szopa.
|
|
260 -Strefa adresu wydawniczego [ , ]
|
-
- a
- Miejsce wydania (P)
- Wrocław :
-
- b
- Nazwa wydawcy (P)
- Edra Urban & Partner,
-
|
|
300 -Strefa opisu fizycznego [ , ]
|
-
- a
- Określenie formy książki i/lub objętość (NP)
- [14], 206 stron, [1] karta złożona luzem :
-
- b
- Oznaczenie ilustracji (NP)
- ilustracje ;
-
|
|
336 -Typ zawartości [ , ]
|
-
- a
- Termin opisujący typ zawartości
- Tekst
-
- b
- Kod określający zawartość
- txt
-
- 2
- Źródło (terminu i kodu)
- rdacontent
|
|
337 -Typ mediów [ , ]
|
-
- a
- Tryb odtwarzania
- Bez urządzenia pośredniczącego
-
-
- 2
- Źródło (terminu i kodu)
- rdamedia
|
|
338 -Typ/rodzaj nośnika [ , ]
|
-
- a
- Hasło opisujące typ nośnika
- Wolumin
-
-
- 2
- Źródło (terminu i kodu)
- rdacarrier
|
|
380 -Deskryptor - Forma dzieła (P) [ , ]
|
-
- a
- forma dzieła (NP)
- Książki
|
|
380 -Deskryptor - Forma dzieła (P) [ , ]
|
-
- a
- forma dzieła (NP)
- Publikacje dydaktyczne
|
|
385 -Deskryptor - grupa odbiorców (P) [ , ]
|
-
- a
- termin określający odbiorcę (P)
- Fizjoterapeuci
|
|
388 -Deskryptor - czas powstania dzieła (P) [1, ]
|
-
- a
- Czas powstania dzieła (NP)
- 1901-2000
|
|
388 -Deskryptor - czas powstania dzieła (P) [1, ]
|
-
- a
- Czas powstania dzieła (NP)
- 1989-2000
|
|
700 -Hasło dodatkowe - nazwa osobowa [1, ]
|
-
- a
- Nazwa osobowa (NP)
- Darrah, Johanna.
-
- e
- Określenie rodzaju współpracy
- Autor
-
|
|
700 -Hasło dodatkowe - nazwa osobowa [1, ]
|
-
- a
- Nazwa osobowa (NP)
- Gadziński, Błażej.
-
- e
- Określenie rodzaju współpracy
- Tłumaczenie
-
|
|
700 -Hasło dodatkowe - nazwa osobowa [1, ]
|
-
- a
- Nazwa osobowa (NP)
- Domagalska-Szopa, Małgorzata.
-
- e
- Określenie rodzaju współpracy
- Redakcja
-
|
|
700 -Hasło dodatkowe - nazwa osobowa [1, ]
|
-
- a
- Nazwa osobowa (NP)
- Szopa, Andrzej.
-
- e
- Określenie rodzaju współpracy
- Redakcja
-
|
|
700 -Hasło dodatkowe - nazwa osobowa [1, ]
|
-
- a
- Nazwa osobowa (NP)
- Spittle, Alicia.
-
- e
- Określenie rodzaju współpracy
- Redakcja
-
|
|
710 -Hasło dodatkowe - nazwa ciała zbiorowego [2, ]
|
-
- a
- Nazwa ciała zbiorowego lub nazwa geograficzna jako pierwszy element (NP)
- Edra Urban & Partner.
-
- e
- Rodzaj współpracy
- Wydawca
-
-
|